00632nam a22001697a 4500003000900000008004100009040007100050082002400121100002200145245003000167260005500197300002600252505011200278650002700390650002100417650002400438AR-CdUCM190328b ||||| |||| 00| 0 spa d aMUNICIPALIDAD PROVINCIAL DEL CUSCOcBIBLIOTECA MUNICIPAL DEL CUSCO a468.3 /bZ95 / 1908 aZúñiga, A. de aGramática castellana / aParís :bLibreria de la V° de ch. bouret,c1908 a368 paginas ;c18 cm. aContenido : Observaciones generales -- Letras y silabas -- Diptongos y triptongos -- Palabras -- Acentos... aGramática castellana aLetras y silabas aRitmo y expresión